The Photoshop Elements 9 Book for Digital Photographers /

This book (for Windows and Mac) breaks new ground by doing something for digital photographers that's never been done before-it cuts through the bull and shows you exactly "how to do it." It's not a bunch of theory; it doesn't challenge you to come up with your own settings...

Full description

Bibliographic Details
Main Authors: Kelby, Scott (Author), Kloskowski, Matt (Author)
Corporate Author: Safari, an O'Reilly Media Company
Format: eBook
Language:English
Published: New Riders, 2010.
Edition:1st edition.
Subjects:
Online Access:Connect to this electronic resource

MARC

Tag First Indicator Second Indicator Subfields
LEADER 00000uam a2200000 a 4500
001 in00004232575
005 20260128221354.2
006 m o d
007 cr cn
008 090513s2010 xx o eng
020 |z 9780132563031 
020 |z 0321741331 
020 |z 9780321741332 
020 |z 0132563037 
035 |a (CaSebORM)9780132563031 
040 |d UtOrBLW 
041 0 |a eng 
100 1 |a Kelby, Scott,  |e author.  |0 http://id.loc.gov/authorities/names/no00087609 
245 1 4 |a The Photoshop Elements 9 Book for Digital Photographers /  |c Kelby, Scott. 
250 |a 1st edition. 
264 1 |b New Riders,  |c 2010. 
300 |a 1 online resource (456 pages) 
336 |a text  |b txt  |2 rdacontent 
337 |a computer  |b c  |2 rdamedia 
338 |a online resource  |b cr  |2 rdacarrier 
347 |a text file 
520 |a This book (for Windows and Mac) breaks new ground by doing something for digital photographers that's never been done before-it cuts through the bull and shows you exactly "how to do it." It's not a bunch of theory; it doesn't challenge you to come up with your own settings or figure things out on your own. Instead, it does something that virtually no other Elements book has ever done-it tells you flat-out which settings to use, when to use them, and why. If you're looking for one of those "tell-me-everything-about-the-Unsharp-Maskfilter" books, this isn't it. You can grab any other Elements book on the shelf, because they all do that. Instead, this book gives you the inside tips and tricks of the trade for organizing, correcting, editing, sharpening, retouching, and presenting your photos like a pro. You'll be absolutely amazed at how easy and effective these techniques are-once you know the secrets. You'll learn: The real secrets of how the pros retouch portraits How to color correct any photo without breaking a sweat (you'll be amazed at how they do it!) How to use Camera Raw for processing not only RAW photos, but JPEGs and TIFFs, too! (And you'll learn why so many pros like it best- because it's faster and easier) The sharpening techniques the pros really use (there's an entire chapter just on this!) How to deal with common digital camera image problems, including removing noise and avoiding halos The most requested photographic special effects,  and much more! The Book's Secret Weapon In this book, you'll learn some slick workarounds, cheats, and some fairly ingenious ways to replicate many Photoshop CS5 features from right within Elements 9. Plus, since this book is designed for photographers, it doesn't waste your time talking about how to frame a shot, setting your exposure, etc., and there's no talk about which camera or printer to buy. It's all Elements 9, step-by-step, cover-to-cover, in the only book of its kind! 
533 |a Electronic reproduction.  |b Boston, MA :  |c Safari,  |n Available via World Wide Web.  |d 2011. 
538 |a Mode of access: World Wide Web. 
542 |f Copyright ©2011 by Scott Kelby  |g 2011 
588 |a Online resource; Title from title page (viewed December 7, 2010) 
500 |a Electronic resource. 
655 7 |a Electronic books.  |2 local 
700 1 |a Kloskowski, Matt,  |e author.  |0 http://id.loc.gov/authorities/names/no2004075479 
710 2 |a Safari, an O'Reilly Media Company. 
856 4 0 |u https://proxy.library.tamu.edu/login?url=https://go.oreilly.com/TAMU/library/view/-/9780132563031/?ar  |z Connect to this electronic resource  |t 0 
999 f f |s f7da617b-4527-39ba-bca6-26a569cd1f94  |i d3257999-123d-39bd-a283-9f485b8169fb  |t 0 
952 f f |a Texas A&M University  |b College Station  |c Electronic Resources  |s www_evans  |d Available Online  |t 0  |h No information provided 
998 f f |t 0  |l Available Online